000 01981cam a22004934i 4500
003 PE-LiUPU
005 20250731173338.0
008 150706s r 000 0 d
020 _a9780802832016
035 _a(Sirsi) i9780802832016
040 _aPE-LiUPU
_bspa
_cPE-LiUPU
_erda
049 _aPRUA
082 0 4 _a220
_bG73
_221
100 1 _aOliver, Gordon ,
_eautor.
245 1 0 _aHoly Bible, human Bible :
_bquestions pastoral practice must ask /
_cGordon Oliver.
264 1 _aGrand Rapids, Michigan, Cambridge :
_bWilliam B. Eerdmans Pub.,
_c2006.
300 _a171 páginas ;
_c24 centímetros
336 _atext
_2rdacontent
337 _aunmediated
_2rdamedia
338 _avolume
_2rdacarrier
490 0 _aUsing the Bible in pastoral practice
504 _aIncluye bibliografía.
505 0 _aWhat Is a Bible? -- How Does the Bible Relate to the Word of God? -- Who Owns the Bible? -- How Does the Bible Witness to Jesus Christ? -- Do Jesus and Pastoral Practice Belong Together? -- Is the Bible a Bridge or a Boundary? -- Where in the Church Does the Bible Belong? -- Can We Be Human and Biblical at the Same Time?.
526 _aSEG42
526 _aSEG41
526 _aSEG40
526 _aSEG39
526 _aP94
526 _aP87
526 _aP86
526 _aP85
526 _aP77
526 _aP76
526 _aP35
541 _g20081126230934D47324;
630 _aBiblia
_xUso.
650 0 4 _aTeología Pastoral.
_91381
910 _agl
_bjc
_clch
_d20090818
942 _2ddc
_cBOOK
949 _a220 G73
_wDEWEY
_c1
_i59844
_lCCODEBUL1
_mBUL
_p30.00
_r0
_sY
_tBOOK
_u2015-7-6
_xTEOLOGIA
_PP85
_0COMPRA
_o.STAFF. Colección General
994 _aC0
_bPEPRU
596 _a1
999 _a220 G73
_wDEWEY
_c49379
_i59844
_f2021-11-9
_g5
_lCCODEBUL1
_mBUL
_p30.00
_r0
_sY
_tBOOK
_u2015-7-6
_xTEOLOGIA
_PP85
_0COMPRA
_o.STAFF. Colección General
_d49379
980 _81
_gALBERTO SANCHEZ Responsable de Automatización